000 00703nam a2200289Ia 4500
005 20260324135125.0
008 008 260324s9999 xx 000 0 eng d
020 _a9781315028255
037 _aEBOOK
040 _aCRL
040 _beng
040 _cCRL
041 _2eng
041 _aeng
084 _qCRL
100 _aAndrew J Newman
_91199424
245 4 _aThe Formative Period of Twelver Shi'ism
245 0 _bHadith as Discourse Between Qum and Baghdad
260 _bTaylor and Francis
260 _c2000
365 _a
365 _b300
856 _uhttp://www.taylorfrancis.com/books/9781315028255
942 _cEBOOK
999 _c1800175
_d1800175